000 00550nam a2200193Ia 4500
005 20250508150642.0
008 008 250505s9999 xx 000 0 eng d
037 _aReference
040 _aFEDL
_beng
_cFEDL
041 _aeng
_2eng
084 _a371.2, REE
_qFEDL
100 _aReeder Ward G
_9139649
245 0 _aFundamentals of public school administration
250 _aRev.& Enlarged Ed.
260 _aNew York, USA
_bThe Macmillan Company
_c1941
300 _a508p
942 _cREF
_h371.2, REE
999 _c1324826
_d1324826